[Event "Quebec op U2000"]
[Site "Ste Foy"]
[Date "2017.08.15"]
[Round "5.32"]
[White "Potvin, Alain Nicolas"]
[Black "Bourassa, Andre"]
[Result "1/2-1/2"]
[WhiteElo "1838"]
[BlackElo "1825"]
[PlyCount "83"]
[EventDate "2017.08.12"]
[EventType "swiss"]
[EventRounds "9"]
[EventCountry "CAN"]
[SourceTitle "EXT 2022"]
[Source "ChessBase"]
[SourceDate "2021.10.06"]
[SourceVersion "1"]
[SourceVersionDate "2021.10.06"]
[SourceQuality "1"]

1. d4 d5 2. Nf3 Nf6 3. e3 e6 4. Bd3 Bd6 5. 0-0 c6 6. b3 0-0 7. Bb2 h6 8. Ne5 Bxe5 9. dxe5 Ne4 10. Bxe4 dxe4 11. Nc3 Qxd1 12. Raxd1 Na6 13. Nxe4 b6 14. Rd2 c5 15. Rfd1 Bb7 16. Ng3 Bc6 17. c4 g6 18. f4 Rfe8 19. a3 Kf8 20. Bc3 Rac8 21. Kf2 Nb8 22. Ne2 Ke7 23. g4 Red8 24. h4 Rxd2 25. Rxd2 Rd8 26. Rxd8 Kxd8 27. Ng3 a6 28. e4 Nd7 29. Ke3 Kc7 30. h5 Nf8 31. hxg6 fxg6 32. f5 Be8 33. f6 Nh7 34. Kf4 Kd7 35. Nf1 Kd8 36. Nd2 Ng5 37. Kg3 Bc6 38. Kf4 Ke8 39. Bb2 Nh3+ 40. Kg3 Ng5 41. Kf4 Nh3+ 42. Kg3 1/2-1/2

[Event "Montcalm VII 2014-15"]
[Site "Quebec"]
[Date "2015.05.21"]
[Round "4"]
[White "Bourassa, Andre"]
[Black "Lapierre, Gaetan"]
[Result "1/2-1/2"]
[WhiteElo "1803"]
[BlackElo "1950"]
[PlyCount "109"]
[EventDate "2015.04.30"]
[EventType "swiss"]
[EventRounds "5"]
[EventCountry "CAN"]
[SourceTitle "EXT 2019"]
[Source "ChessBase"]
[SourceDate "2018.10.10"]
[SourceVersion "1"]
[SourceVersionDate "2018.10.10"]
[SourceQuality "1"]

1. d4 Nf6 2. c4 g6 3. Nc3 Bg7 4. e4 d6 5. f3 0-0 6. Be3 e5 7. dxe5 dxe5 8. Bc5 Re8 9. Qxd8 Rxd8 10. Nd5 Nxd5 11. cxd5 c6 12. Bc4 Nd7 13. Be3 Nb6 14. Bb3 cxd5 15. Bxb6 axb6 16. Bxd5 Bh6 17. Ne2 Rb8 18. Nc3 Bd7 19. Ke2 b5 20. a3 Bf8 21. Rhd1 b4 22. axb4 Bxb4 23. Bb3 Bxc3 24. bxc3 Bb5+ 25. c4 Bc6 26. Ra5 Rxd1 27. Kxd1 f6 28. Kc2 Kf8 29. Ba4 b6 30. Ra7 Ra8 31. Rxa8+ Bxa8 32. Kc3 Ke7 33. Kb4 Kd6 34. Be8 f5 35. exf5 gxf5 36. Kb5 Kc7 37. Bf7 e4 38. fxe4 fxe4 39. g3 e3 40. Bh5 Bc6+ 41. Kb4 Be8 42. Bf3 Kd6 43. Be2 Ke5 44. c5 bxc5+ 45. Kxc5 Ke4 46. g4 Ba4 47. g5 Bc2 48. Kc4 Kf4 49. h4 Be4 50. Kd4 Bg6 51. Bd1 Bc2 52. Be2 Kg3 53. Kxe3 Kxh4 54. Kf4 Bg6 55. Bf3 1/2-1/2

[Event "Montcalm VII 2014-15"]
[Site "Quebec"]
[Date "2015.05.14"]
[Round "3"]
[White "Bourassa, Andre"]
[Black "Cote, Frederic"]
[Result "1-0"]
[WhiteElo "1803"]
[BlackElo "1267"]
[PlyCount "85"]
[EventDate "2015.04.30"]
[EventType "swiss"]
[EventRounds "5"]
[EventCountry "CAN"]
[SourceTitle "EXT 2019"]
[Source "ChessBase"]
[SourceDate "2018.10.10"]
[SourceVersion "1"]
[SourceVersionDate "2018.10.10"]
[SourceQuality "1"]

1. d4 Nf6 2. c4 g6 3. Nc3 d5 4. cxd5 Nxd5 5. e4 Nxc3 6. bxc3 Bg7 7. Bc4 0-0 8. Ne2 Nd7 9. e5 Nb6 10. Bb3 a5 11. a4 e6 12. 0-0 Nd7 13. Qc2 c5 14. Ba3 Re8 15. f4 cxd4 16. cxd4 Nb6 17. Bd6 Nd5 18. Bxd5 exd5 19. Qb3 Bf8 20. Bxf8 Kxf8 21. Rfc1 b6 22. Rc6 Re6 23. Rac1 Rb8 24. Rxe6 fxe6 25. Nc3 Ba6 26. Nb5 Bxb5 27. Qxb5 Ke7 28. Rc6 h6 29. Qb1 Qd7 30. Qc2 Rb7 31. Rc8 Kf7 32. g4 Kg7 33. Kg2 Qf7 34. Kg3 Qe7 35. h4 Qa3+ 36. Kg2 Qe7 37. h5 gxh5 38. gxh5 Qf7 39. Qc6 Kh7 40. Qe8 Qg7+ 41. Kf3 Rc7 42. Qg6+ Qxg6 43. hxg6+ 1-0

[Event "Montcalm V 2014-15"]
[Site "Quebec"]
[Date "2015.03.19"]
[Round "5"]
[White "Bourassa, Andre"]
[Black "Hebert, Marc"]
[Result "1-0"]
[WhiteElo "1795"]
[BlackElo "1517"]
[PlyCount "47"]
[EventDate "2015.02.19"]
[EventType "swiss"]
[EventRounds "5"]
[EventCountry "CAN"]
[SourceTitle "EXT 2019"]
[Source "ChessBase"]
[SourceDate "2018.10.10"]
[SourceVersion "1"]
[SourceVersionDate "2018.10.10"]
[SourceQuality "1"]

1. d4 e6 2. c4 Nf6 3. Nc3 Bb4 4. Qc2 c5 5. e3 0-0 6. Bd3 Nc6 7. Nf3 d5 8. cxd5 exd5 9. 0-0 Bg4 10. Ne5 Bh5 11. Nxc6 bxc6 12. dxc5 Bxc5 13. Na4 Bd6 14. Bd2 Qc7 15. h3 Bg6 16. Nc3 Rac8 17. Rac1 Bxd3 18. Qxd3 Qb8 19. Rc2 Rfd8 20. Qf5 Bh2+ 21. Kh1 Qe5 22. Qf3 Nh5 23. Ne2 Rd6 24. Bc3 1-0

[Event "Montcalm op"]
[Site "Quebec"]
[Date "2015.01.10"]
[Round "3"]
[White "Bourassa, Andre"]
[Black "Tremblay Alix, Eric"]
[Result "1/2-1/2"]
[WhiteElo "1820"]
[BlackElo "1842"]
[PlyCount "42"]
[EventDate "2015.01.09"]
[EventType "swiss"]
[EventRounds "5"]
[EventCountry "CAN"]
[SourceTitle "EXT 2019"]
[Source "ChessBase"]
[SourceDate "2018.10.10"]
[SourceVersion "1"]
[SourceVersionDate "2018.10.10"]
[SourceQuality "1"]

1. d4 e6 2. c4 Nf6 3. Nc3 d5 4. Nf3 c5 5. cxd5 Nxd5 6. e4 Nb6 7. Be3 cxd4 8. Nxd4 a6 9. Nf3 N8d7 10. Be2 Be7 11. 0-0 0-0 12. Rc1 Bc5 13. Qd2 Qe7 14. Rfd1 Nf6 15. e5 Bxe3 16. exf6 Bxf2+ 17. Kxf2 Qxf6 18. Qg5 Qxg5 19. Nxg5 Bd7 20. Bf3 Rab8 21. b3 f6 1/2-1/2

[Event "Quebec Montcalm op 2 2014-15"]
[Site "Quebec"]
[Date "2014.10.23"]
[Round "3"]
[White "Bourassa, Andre"]
[Black "Abran, David"]
[Result "1/2-1/2"]
[WhiteElo "1801"]
[BlackElo "1835"]
[PlyCount "104"]
[EventDate "2014.10.09"]
[EventType "swiss"]
[EventRounds "5"]
[EventCountry "CAN"]
[SourceTitle "EXT 2022"]
[Source "ChessBase"]
[SourceDate "2021.10.06"]
[SourceVersion "1"]
[SourceVersionDate "2021.10.06"]
[SourceQuality "1"]

1. d4 Nf6 2. c4 e6 3. Nc3 Bb4 4. Bd2 c5 5. e3 d5 6. Nf3 0-0 7. cxd5 cxd4 8. Nxd4 exd5 9. Bd3 Nc6 10. Nxc6 bxc6 11. 0-0 Bd6 12. f4 Re8 13. Qc2 Rb8 14. Rac1 Bd7 15. h3 c5 16. b3 Bc6 17. Na4 Bxa4 18. bxa4 c4 19. Bf5 g6 20. Bg4 Ne4 21. Bf3 Qf6 22. Bxe4 Rxe4 23. Bc3 Qe7 24. Qd2 Bc5 25. Bd4 Rxe3 26. Kh1 Bxd4 27. Qxd4 Qe4 28. Qxe4 Rxe4 29. Rc2 Rb4 30. a5 d4 31. f5 d3 32. Rcf2 g5 33. Rc1 Re2 34. Rxe2 dxe2 35. Kg1 c3 36. Kf2 Re4 37. Ke1 Re3 38. Rc2 Kg7 39. Rxe2 Rd3 40. Rc2 Kf6 41. Ke2 Rd2+ 42. Rxd2 cxd2 43. g4 d1Q+ 44. Kxd1 Ke5 45. Ke2 Ke4 46. a6 Kf4 47. Kf2 f6 48. a3 h6 49. a4 Ke4 50. Ke2 Kd4 51. Kd2 Kc4 52. Ke3 Kc3 1/2-1/2

[Event "Quebec Montcalm op 2 2014-15"]
[Site "Quebec"]
[Date "2014.10.16"]
[Round "2"]
[White "Bluteau, Yvon"]
[Black "Bourassa, Andre"]
[Result "0-1"]
[WhiteElo "1756"]
[BlackElo "1801"]
[PlyCount "54"]
[EventDate "2014.10.09"]
[EventType "swiss"]
[EventRounds "5"]
[EventCountry "CAN"]
[SourceTitle "EXT 2022"]
[Source "ChessBase"]
[SourceDate "2021.10.06"]
[SourceVersion "1"]
[SourceVersionDate "2021.10.06"]
[SourceQuality "1"]

1. b3 d5 2. Bb2 c5 3. e3 e6 4. Nf3 Nf6 5. Na3 a6 6. c4 Bd6 7. g3 Nc6 8. d4 cxd4 9. Bg2 Bxa3 10. Bxa3 Qa5+ 11. Qd2 Qxa3 12. 0-0 dxe3 13. fxe3 dxc4 14. bxc4 0-0 15. Rae1 Rd8 16. Qc2 Qd3 17. Qc1 Qd6 18. c5 Qe7 19. Qc2 h6 20. Nd2 Bd7 21. Rb1 Be8 22. Rb3 Rab8 23. Rfb1 Qc7 24. Qb2 Na5 25. Rc3 Bc6 26. e4 Qe5 27. Qc2 Qd4+ 0-1

[Event "Quebec Montcalm op 1 2014-15"]
[Site "Quebec"]
[Date "2014.09.11"]
[Round "2"]
[White "Chevalier, Jean"]
[Black "Bourassa, Andre"]
[Result "0-1"]
[WhiteElo "1401"]
[BlackElo "1820"]
[PlyCount "76"]
[EventDate "2014.09.04"]
[EventType "swiss"]
[EventRounds "5"]
[EventCountry "CAN"]
[SourceTitle "EXT 2022"]
[Source "ChessBase"]
[SourceDate "2021.10.06"]
[SourceVersion "1"]
[SourceVersionDate "2021.10.06"]
[SourceQuality "1"]

1. Nf3 d5 2. d4 Nf6 3. e3 c6 4. b3 Nbd7 5. Bb2 e6 6. Bd3 Bd6 7. Nc3 0-0 8. 0-0 e5 9. e4 exd4 10. Nxd4 Qc7 11. g3 dxe4 12. Nxe4 Nxe4 13. Bxe4 Nf6 14. Nf5 Nxe4 15. Qg4 f6 16. Qxe4 Bxf5 17. Qxf5 Rae8 18. Qd3 Be5 19. Qc4+ Qf7 20. c3 Qxc4 21. bxc4 Rd8 22. f4 Bc7 23. Ba3 Rfe8 24. Rfe1 Kf7 25. Kf1 b6 26. Rxe8 Rxe8 27. Re1 Rxe1+ 28. Kxe1 c5 29. Ke2 Ke6 30. Kf3 f5 31. h4 Bd8 32. h5 Bf6 33. Bb2 a6 34. Ke3 b5 35. cxb5 axb5 36. a3 Kd5 37. c4+ Kxc4 38. Bxf6 gxf6 0-1

[Event "Quebec Montcalm op 4 2013-14"]
[Site "Quebec"]
[Date "2014.01.30"]
[Round "4"]
[White "Bourassa, Andre"]
[Black "Boulianne, Gabriel"]
[Result "0-1"]
[WhiteElo "1796"]
[BlackElo "1788"]
[PlyCount "58"]
[EventDate "2014.01.09"]
[EventType "swiss"]
[EventRounds "5"]
[EventCountry "CAN"]
[SourceTitle "EXT 2022"]
[Source "ChessBase"]
[SourceDate "2021.10.06"]
[SourceVersion "1"]
[SourceVersionDate "2021.10.06"]
[SourceQuality "1"]

1. d4 f5 2. Bg5 h6 3. Bh4 g5 4. e4 Bg7 5. Qh5+ Kf8 6. e5 Qe8 7. Be2 Qxh5 8. Bxh5 gxh4 9. Nf3 e6 10. Nxh4 Ne7 11. Nc3 a6 12. Ne2 Nbc6 13. 0-0-0 Rg8 14. f4 d5 15. exd6 cxd6 16. c4 Bf6 17. Nf3 Bd7 18. g3 Be8 19. Bxe8 Rxe8 20. Rhe1 Kf7 21. a3 Na5 22. Nd2 Rc8 23. b3 b5 24. Kb1 bxc4 25. b4 c3 26. Nxc3 Rxc3 27. bxa5 Rb8+ 28. Ka2 Rc2+ 29. Ka1 Bxd4# 0-1

[Event "Quebec Montcalm op 3 2013-14"]
[Site "Quebec"]
[Date "2013.11.28"]
[Round "3"]
[White "Pouliot, Andre"]
[Black "Bourassa, Andre"]
[Result "0-1"]
[WhiteElo "1329"]
[BlackElo "1743"]
[PlyCount "70"]
[EventDate "2013.11.14"]
[EventType "swiss"]
[EventRounds "5"]
[EventCountry "CAN"]
[SourceTitle "EXT 2022"]
[Source "ChessBase"]
[SourceDate "2021.10.06"]
[SourceVersion "1"]
[SourceVersionDate "2021.10.06"]
[SourceQuality "1"]

1. d4 d5 2. c4 e6 3. Nf3 Nf6 4. e3 c6 5. Be2 Bd6 6. Nc3 Nbd7 7. 0-0 0-0 8. a3 Ne4 9. Nxe4 dxe4 10. Nd2 f5 11. c5 Bc7 12. b4 Rf6 13. f3 Rh6 14. f4 Qh4 15. h3 Qg3 16. Qe1 Qxe3+ 17. Qf2 Bxf4 18. Qxe3 Bxe3+ 19. Kh1 Bxd4 20. Rb1 Rf6 21. Nc4 Rf8 22. Bg5 Nf6 23. Rbd1 e5 24. Rfe1 h6 25. Be3 Bxe3 26. Nxe3 Be6 27. Rd6 Kf7 28. Nc4 Nd7 29. Bh5+ Ke7 30. Na5 Rab8 31. Re3 Rf6 32. h4 Bd5 33. Rg3 Rxd6 34. Rxg7+ Kf8 35. Rh7 Nxc5 0-1

[Event "Quebec Montcalm op 2 2013-14"]
[Site "Quebec"]
[Date "2013.11.07"]
[Round "5"]
[White "Courtemanche, Marc Andre"]
[Black "Bourassa, Andre"]
[Result "0-1"]
[WhiteElo "1573"]
[BlackElo "1691"]
[PlyCount "106"]
[EventDate "2013.10.10"]
[EventType "swiss"]
[EventRounds "5"]
[EventCountry "CAN"]
[SourceTitle "EXT 2022"]
[Source "ChessBase"]
[SourceDate "2021.10.06"]
[SourceVersion "1"]
[SourceVersionDate "2021.10.06"]
[SourceQuality "1"]

1. e4 c5 2. c3 d6 3. d4 cxd4 4. cxd4 e6 5. Nf3 Nf6 6. Nc3 Be7 7. Bd3 Nc6 8. Qe2 a6 9. 0-0 b5 10. e5 dxe5 11. dxe5 Nd7 12. h4 Bxh4 13. Nxh4 Qxh4 14. f4 Bb7 15. Ne4 0-0 16. g3 Qe7 17. Qh2 f5 18. exf6 gxf6 19. Nd6 Nc5 20. Bc2 Nd4 21. Nxb7 Nxc2 22. Qxc2 Nxb7 23. f5 Qc5+ 24. Qxc5 Nxc5 25. Bh6 Rfe8 26. Rac1 Nd3 27. Rc6 Ne5 28. Rxe6 Rxe6 29. fxe6 Re8 30. e7 Kf7 31. Bd2 Rxe7 32. Bc3 Re6 33. Kg2 Kg6 34. Rd1 Nc4 35. Kf2 Nd6 36. Bb4 Ne4+ 37. Kf3 Ng5+ 38. Kf2 Rc6 39. Kf1 Ne4 40. Rd3 Rc2 41. Re3 Ng5 42. Bc3 Kf5 43. Re2 Rc1+ 44. Kg2 Ne4 45. g4+ Kf4 46. Bd4 Rd1 47. Bb6 f5 48. gxf5 Kxf5 49. Kf3 Rd3+ 50. Re3 Rxe3+ 51. Kxe3 h5 52. Bd8 Ng5 53. Kd4 Ne6+ 0-1

[Event "Quebec Montcalm op 7 2012-13"]
[Site "Quebec"]
[Date "2013.04.25"]
[Round "1"]
[White "Tanguay, Guillaume"]
[Black "Bourassa, Andre"]
[Result "0-1"]
[WhiteElo "1258"]
[BlackElo "1715"]
[PlyCount "72"]
[EventDate "2013.04.25"]
[EventType "swiss"]
[EventRounds "5"]
[EventCountry "CAN"]
[SourceTitle "EXT 2022"]
[Source "ChessBase"]
[SourceDate "2021.10.06"]
[SourceVersion "1"]
[SourceVersionDate "2021.10.06"]
[SourceQuality "1"]

1. e4 c5 2. Nf3 d6 3. Nc3 e5 4. Be2 Nc6 5. d3 Nd4 6. Nxd4 cxd4 7. Nd5 Be6 8. c4 Ne7 9. 0-0 Nxd5 10. cxd5 Bd7 11. Bg4 Be7 12. a4 0-0 13. b4 f5 14. Bh3 Rc8 15. a5 g5 16. Bxf5 Bxf5 17. exf5 Rxf5 18. Qg4 Rf7 19. h4 Rg7 20. h5 h6 21. Qe6+ Kh7 22. g4 Qf8 23. b5 Rd8 24. Bd2 Qf3 25. Rac1 Rf8 26. Rc7 Rf6 27. Qc8 Qxd3 28. Qxb7 Rff7 29. b6 axb6 30. a6 Qf3 31. Qc8 Qxd5 32. a7 Rf8 33. Qa6 Qf3 34. Rb7 Qxg4+ 35. Kh2 Rf3 36. Bxg5 Rh3# 0-1

[Event "Quebec Montcalm op 6 2012-13"]
[Site "Quebec"]
[Date "2013.04.11"]
[Round "4"]
[White "Bourassa, Andre"]
[Black "Lapierre, Gaetan"]
[Result "0-1"]
[WhiteElo "1761"]
[BlackElo "1756"]
[PlyCount "70"]
[EventDate "2013.03.21"]
[EventType "swiss"]
[EventRounds "5"]
[EventCountry "CAN"]
[SourceTitle "EXT 2022"]
[Source "ChessBase"]
[SourceDate "2021.10.06"]
[SourceVersion "1"]
[SourceVersionDate "2021.10.06"]
[SourceQuality "1"]

1. d4 Nf6 2. c4 c5 3. d5 b5 4. cxb5 a6 5. bxa6 Bxa6 6. g3 d6 7. Bg2 Nbd7 8. Nc3 g6 9. Nh3 Bg7 10. 0-0 0-0 11. Qc2 Ra7 12. f4 Qa8 13. f5 Nb6 14. fxg6 hxg6 15. Nf4 Ng4 16. Be4 Ne5 17. Bd2 Nbc4 18. Nxg6 Nxd2 19. Nxe7+ Rxe7 20. Qxd2 Qe8 21. Qg5 Ng6 22. Bxg6 fxg6 23. Rxf8+ Kxf8 24. Qf4+ Kg8 25. Qxd6 Bd4+ 26. Kh1 Bxe2 27. Kg2 Bg4 28. Qf4 Re2+ 29. Kh1 Re1+ 30. Kg2 Rxa1 31. Qxg4 Bxc3 32. bxc3 Rxa2+ 33. Kh3 Kg7 34. d6 Qh8+ 35. Qh4 Qxh4+ 0-1

[Event "Quebec Montcalm op 6 2012-13"]
[Site "Quebec"]
[Date "2013.03.21"]
[Round "1"]
[White "Bluteau, Yvon"]
[Black "Bourassa, Andre"]
[Result "1-0"]
[WhiteElo "1862"]
[BlackElo "1761"]
[PlyCount "113"]
[EventDate "2013.03.21"]
[EventType "swiss"]
[EventRounds "5"]
[EventCountry "CAN"]
[SourceTitle "EXT 2022"]
[Source "ChessBase"]
[SourceDate "2021.10.06"]
[SourceVersion "1"]
[SourceVersionDate "2021.10.06"]
[SourceQuality "1"]

1. Nf3 d5 2. g3 Nd7 3. d4 g6 4. Bg2 Bg7 5. 0-0 c6 6. Nc3 Ngf6 7. Re1 Ne4 8. Nxe4 dxe4 9. Ng5 Nb6 10. c3 f5 11. Qb3 Qd5 12. Bf4 h6 13. Nh3 Be6 14. Qxd5 Nxd5 15. Bd2 Bf7 16. Nf4 e5 17. Nxd5 Bxd5 18. e3 0-0 19. b3 Be6 20. Rad1 Rad8 21. Bc1 Rd7 22. Bb2 Rfd8 23. Rd2 Kf7 24. Bf1 a6 25. Red1 exd4 26. cxd4 Bf8 27. Bc3 Bd5 28. Ba5 Rc8 29. Bb6 h5 30. h4 Ke6 31. Rc2 Be7 32. Bc5 Bd8 33. Rdc1 Be7 34. Be2 Bd6 35. Bc4 Re8 36. Bxd5+ Kxd5 37. Bxd6 Kxd6 38. Rc5 Ree7 39. b4 Rf7 40. a4 Rc7 41. Kg2 Rfe7 42. Kf1 b6 43. R5c3 Kd5 44. b5 axb5 45. axb5 Re8 46. Rxc6 Rxc6 47. Rxc6 Re6 48. Rc7 Rd6 49. Ke2 Ke6 50. f3 Kd5 51. Re7 exf3+ 52. Kxf3 Kc4 53. Re5 Rd5 54. Kf4 Rxb5 55. Rxb5 Kxb5 56. d5 Kc5 57. Ke5 1-0

[Event "Quebec Montcalm op"]
[Site "Quebec"]
[Date "2013.01.05"]
[Round "2"]
[White "Boutin, Jean Roger"]
[Black "Bourassa, Andre"]
[Result "0-1"]
[WhiteElo "1606"]
[BlackElo "1772"]
[PlyCount "128"]
[EventDate "2013.01.04"]
[EventType "swiss"]
[EventRounds "5"]
[EventCountry "CAN"]
[SourceTitle "EXT 2022"]
[Source "ChessBase"]
[SourceDate "2021.10.06"]
[SourceVersion "1"]
[SourceVersionDate "2021.10.06"]
[SourceQuality "1"]

1. Nf3 d5 2. d4 e6 3. g3 b6 4. Bg2 Bb7 5. a3 c5 6. e3 Nd7 7. 0-0 Ngf6 8. Nbd2 Qc7 9. dxc5 Nxc5 10. Nd4 Rd8 11. f4 Ba6 12. Re1 Rc8 13. b4 Nce4 14. Nxe4 Nxe4 15. Bb2 Nf6 16. Rc1 Bc4 17. Bf3 Be7 18. Be2 0-0 19. Bxc4 dxc4 20. c3 Rcd8 21. Qf3 a6 22. e4 Qb7 23. Kf2 Rd7 24. e5 Qxf3+ 25. Kxf3 Nd5 26. Rcd1 Rc8 27. a4 Bd8 28. Kf2 Ne7 29. Nf3 Rxd1 30. Rxd1 Kf8 31. Ke2 Bc7 32. Rd4 b5 33. axb5 axb5 34. Rd1 Ra8 35. Ra1 Rxa1 36. Bxa1 Bb6 37. Bb2 Nd5 38. Nd4 Nc7 39. Nf3 Ke8 40. h3 h6 41. Bc1 Nd5 42. Bd2 Kd7 43. Ne1 Kc6 44. Kf3 h5 45. Ng2 g6 46. g4 hxg4+ 47. hxg4 Bg1 48. Ke4 Bf2 49. f5 Bg3 50. Ne3 Bf4 51. fxg6 fxg6 52. Nxd5 Bxd2 53. Ne7+ Kd7 54. Nxg6 Bxc3 55. Nf4 Bxb4 56. Kd4 Ke7 57. Ne2 Kf7 58. Nf4 Bd2 59. Nh3 Kg6 60. Ke4 b4 61. Kd4 c3 62. Kd3 b3 63. Nf2 Be1 64. Ne4 c2 0-1

[Event "Quebec Montcalm op 2 2012-13"]
[Site "Quebec"]
[Date "2012.11.08"]
[Round "5"]
[White "Cummins, Paul"]
[Black "Bourassa, Andre"]
[Result "1-0"]
[WhiteElo "1777"]
[BlackElo "1784"]
[PlyCount "41"]
[EventDate "2012.10.11"]
[EventType "swiss"]
[EventRounds "5"]
[EventCountry "CAN"]
[SourceTitle "EXT 2022"]
[Source "ChessBase"]
[SourceDate "2021.10.06"]
[SourceVersion "1"]
[SourceVersionDate "2021.10.06"]
[SourceQuality "1"]

1. e4 c5 2. Nf3 d6 3. d4 cxd4 4. Nxd4 Nf6 5. Nc3 e5 6. Nb3 Be6 7. Be2 Nc6 8. Be3 Be7 9. 0-0 0-0 10. f4 exf4 11. Bxf4 Ne5 12. h3 Qb6+ 13. Qd4 Qxd4+ 14. Nxd4 Bc4 15. Nf5 Rfe8 16. Bxe5 Bxe2 17. Nxe7+ Rxe7 18. Bxf6 Bxf1 19. Bxe7 Bc4 20. Bxd6 f6 21. Bf4 1-0

[Event "Quebec Montcalm op 1 2012-13"]
[Site "Quebec"]
[Date "2012.09.20"]
[Round "3"]
[White "Bourassa, Andre"]
[Black "Marquis, Paul"]
[Result "1/2-1/2"]
[WhiteElo "1764"]
[BlackElo "1961"]
[PlyCount "37"]
[EventDate "2012.09.06"]
[EventType "swiss"]
[EventRounds "5"]
[EventCountry "CAN"]
[SourceTitle "EXT 2022"]
[Source "ChessBase"]
[SourceDate "2021.10.06"]
[SourceVersion "1"]
[SourceVersionDate "2021.10.06"]
[SourceQuality "1"]

1. d4 Nf6 2. c4 g6 3. Nc3 Bg7 4. e4 d6 5. Bd3 0-0 6. Nge2 e5 7. d5 a5 8. 0-0 Nh5 9. Be3 f5 10. f3 f4 11. Bf2 g5 12. c5 g4 13. fxg4 Bxg4 14. h3 f3 15. hxg4 fxe2 16. Bxe2 Nf4 17. Bf3 Na6 18. cxd6 cxd6 19. Ne2 1/2-1/2

[Event "Quebec Montcalm op 7 2011-12"]
[Site "Quebec"]
[Date "2012.05.17"]
[Round "4"]
[White "Bergeron, Marc"]
[Black "Bourassa, Andre"]
[Result "1-0"]
[WhiteElo "2084"]
[BlackElo "1768"]
[PlyCount "113"]
[EventDate "2012.04.26"]
[EventType "swiss"]
[EventRounds "5"]
[EventCountry "CAN"]
[SourceTitle "EXT 2022"]
[Source "ChessBase"]
[SourceDate "2021.10.06"]
[SourceVersion "1"]
[SourceVersionDate "2021.10.06"]
[SourceQuality "1"]

1. c4 e6 2. Nf3 d5 3. b3 Nf6 4. Bb2 c5 5. e3 Nc6 6. g3 d4 7. exd4 cxd4 8. a3 a5 9. d3 e5 10. Bg2 Bd6 11. 0-0 0-0 12. Nbd2 Bf5 13. Qc2 Bc5 14. Rfe1 Re8 15. Ng5 Qc7 16. h3 h6 17. Nge4 Nxe4 18. Nxe4 Be7 19. Re2 Ra6 20. Rae1 Nb8 21. g4 Bh7 22. Bc1 f5 23. gxf5 Bxf5 24. Ng3 Rf6 25. Rxe5 Bg6 26. Qe2 Kf8 27. Nh5 Bxh5 28. Qxh5 Nd7 29. Rf5 b6 30. Bxh6 Rxf5 31. Qxf5+ Nf6 32. Bf4 Qc5 33. Qxc5 Bxc5 34. Rxe8+ Kxe8 35. Bc1 Ke7 36. Kf1 Ke6 37. Bf3 Kf5 38. Ke2 g5 39. Kd1 Bd6 40. Kc2 Bf4 41. Bxf4 Kxf4 42. Bc6 Ke5 43. b4 Kd6 44. Bf3 Nd7 45. Kb3 axb4 46. axb4 Nf8 47. Ka4 Ne6 48. Kb5 Kc7 49. Bg4 Nf4 50. Bf5 Ne2 51. c5 Nc3+ 52. Kc4 b5+ 53. Kxd4 Na2 54. Ke5 Nxb4 55. Be4 Na6 56. d4 b4 57. Kd5 1-0

[Event "Quebec Montcalm op 6 2011-12"]
[Site "Quebec"]
[Date "2012.04.19"]
[Round "5"]
[White "Bourassa, Andre"]
[Black "Boulianne, Gabriel"]
[Result "1-0"]
[WhiteElo "1752"]
[BlackElo "1758"]
[PlyCount "65"]
[EventDate "2012.03.22"]
[EventType "swiss"]
[EventRounds "5"]
[EventCountry "CAN"]
[SourceTitle "EXT 2022"]
[Source "ChessBase"]
[SourceDate "2021.10.06"]
[SourceVersion "1"]
[SourceVersionDate "2021.10.06"]
[SourceQuality "1"]

1. d4 Nf6 2. c4 e6 3. Nc3 Bb4 4. Qc2 c5 5. e3 Nc6 6. Nf3 cxd4 7. Nxd4 Qb6 8. Nxc6 Qxc6 9. Bd2 0-0 10. f3 d5 11. cxd5 Nxd5 12. Rc1 Bxc3 13. bxc3 Qc5 14. Qd3 a5 15. e4 Ne7 16. Be3 Qa3 17. Rc2 Qa4 18. Bc5 Re8 19. Rd2 Qc6 20. Qb5 Qxb5 21. Bxb5 Nc6 22. Bb6 e5 23. Rd6 Be6 24. a3 Rec8 25. Kd2 a4 26. Rc1 Na5 27. Bxa5 Rxa5 28. c4 h6 29. Rb6 Rc7 30. Kc3 Bd7 31. Kb4 Bxb5 32. Kxa5 Bxc4 33. Kb4 1-0

[Event "Quebec Montcalm op 5 2011-12"]
[Site "Quebec"]
[Date "2012.03.01"]
[Round "3"]
[White "Doyon, Stephane"]
[Black "Bourassa, Andre"]
[Result "1/2-1/2"]
[WhiteElo "1787"]
[BlackElo "1760"]
[PlyCount "48"]
[EventDate "2012.02.16"]
[EventType "swiss"]
[EventRounds "5"]
[EventCountry "CAN"]
[SourceTitle "EXT 2022"]
[Source "ChessBase"]
[SourceDate "2021.10.06"]
[SourceVersion "1"]
[SourceVersionDate "2021.10.06"]
[SourceQuality "1"]

1. e4 c5 2. Nc3 d6 3. g3 e6 4. Bg2 Nc6 5. d3 Nf6 6. f4 Qc7 7. Nf3 Be7 8. 0-0 a6 9. h3 0-0 10. g4 Nd4 11. Ne2 Nxf3+ 12. Bxf3 Bd7 13. g5 Ne8 14. Qe1 f6 15. h4 Bc6 16. Qg3 f5 17. h5 d5 18. Qh3 Rd8 19. Ng3 Qc8 20. exf5 exf5 21. Nxf5 Rxf5 22. Bg4 Bd7 23. Bxf5 Bxf5 24. Qg3 Nc7 1/2-1/2